[Event "Gorges op 17th"]
[Site "Gorges"]
[Date "2007.??.??"]
[Round "3"]
[White "Batard, David"]
[Black "Vidal, Hugo"]
[Result "1-0"]
[WhiteElo "2024"]
[BlackElo "1594"]
[PlyCount "65"]
[EventDate "2007.07.08"]
[EventType "swiss"]
[EventRounds "7"]
[EventCountry "FRA"]
[SourceTitle "CBM 119 Extra"]
[Source "ChessBase"]
[SourceDate "2007.09.04"]
[SourceVersion "1"]
[SourceVersionDate "2007.09.04"]
[SourceQuality "1"]

1. d4 d5 2. Nf3 Nf6 3. c4 c6 4. Nc3 Bf5 5. cxd5 Nxd5 6. Nxd5 Qxd5 7. e3 Nd7 8. b3 e6 9. Bc4 Qa5+ 10. Bd2 Bb4 11. a3 Bxd2+ 12. Nxd2 0-0 13. 0-0 e5 14. e4 Bg6 15. d5 b5 16. dxc6 bxc4 17. Nxc4 Qc7 18. Qxd7 Qxd7 19. cxd7 Bxe4 20. Nxe5 f6 21. Rfe1 Bb7 22. Nc4 Rad8 23. Rad1 g6 24. Re7 Ba8 25. Nd6 Bc6 26. Ne4 Bxe4 27. Rxe4 Rf7 28. Re8+ Rf8 29. Rxf8+ Kxf8 30. Kf1 Ke7 31. Ke2 Rxd7 32. Rxd7+ Kxd7 33. Kd3 1-0

[Event "Rohde op 06th"]
[Site "Sautron"]
[Date "2006.11.01"]
[Round "6"]
[White "Batard, David"]
[Black "Lefebvre, Bernard"]
[Result "1/2-1/2"]
[WhiteElo "2027"]
[BlackElo "1716"]
[PlyCount "100"]
[EventDate "2006.10.28"]
[EventType "swiss"]
[EventRounds "9"]
[EventCountry "FRA"]
[SourceTitle "EXT 2007"]
[Source "ChessBase"]
[SourceDate "2006.11.23"]
[SourceVersion "1"]
[SourceVersionDate "2006.11.23"]
[SourceQuality "1"]

1. d4 d5 2. Nf3 Nf6 3. c4 c6 4. e3 Bf5 5. Qb3 Qb6 6. Nc3 e6 7. Na4 Qxb3 8. axb3 Nbd7 9. Bd2 Be7 10. c5 0-0 11. Be2 Ne4 12. 0-0 Nxd2 13. Nxd2 e5 14. Nf3 Bg4 15. Rfe1 e4 16. Nd2 Bxe2 17. Rxe2 f5 18. b4 a6 19. Nc3 f4 20. exf4 Rxf4 21. b5 Rff8 22. bxc6 bxc6 23. Nb3 Bf6 24. Ra4 Ra7 25. Na2 a5 26. Nb4 Nb8 27. Nc2 Rb7 28. Nca1 Rb5 29. Rd2 Bg5 30. Re2 Bf6 31. Re3 Bg5 32. Rc3 Bf6 33. Nc2 Bd8 34. Ne3 Rf7 35. Nd1 Rfb7 36. Nc1 Na6 37. Ne2 Bc7 38. f3 exf3 39. Rxf3 Rb3 40. Nec3 R3b4 41. Rxb4 Nxb4 42. Ne3 Bd8 43. Ng4 Nc2 44. Ne2 Rxb2 45. Ne5 Rb1+ 46. Kf2 Bf6 47. Nxc6 a4 48. Ne5 Nxd4 49. Nxd4 Bxe5 50. Ne6 Bf6 1/2-1/2

[Event "Rohde op 06th"]
[Site "Sautron"]
[Date "2006.10.28"]
[Round "1"]
[White "Gerard, Nicolas"]
[Black "Batard, David"]
[Result "1-0"]
[WhiteElo "2333"]
[BlackElo "2027"]
[PlyCount "137"]
[EventDate "2006.10.28"]
[EventType "swiss"]
[EventRounds "9"]
[EventCountry "FRA"]
[SourceTitle "EXT 2007"]
[Source "ChessBase"]
[SourceDate "2006.11.23"]
[SourceVersion "1"]
[SourceVersionDate "2006.11.23"]
[SourceQuality "1"]

1. d4 d5 2. c4 c6 3. Nf3 Nf6 4. e3 e6 5. Bd3 dxc4 6. Bxc4 b5 7. Bd3 a6 8. a4 Bb7 9. Nbd2 Be7 10. 0-0 0-0 11. e4 e5 12. Nxe5 Qxd4 13. Ndf3 Qd6 14. Qe2 Nbd7 15. Nxd7 Qxd7 16. e5 Nd5 17. Ng5 h6 18. Nxf7 Qe6 19. Nxh6+ gxh6 20. f4 Bc5+ 21. Kh1 Rae8 22. Bd2 Rf7 23. Rae1 Ne7 24. Qe4 Ba7 25. f5 Nxf5 26. Rxf5 c5 27. Qf4 c4 28. Rxf7 Qxf7 29. Qg3+ Qg7 30. Be4 Qxg3 31. hxg3 Bf2 32. Bxb7 Bxe1 33. Bxe1 Rxe5 34. Bc3 Re3 35. Bxa6 bxa4 36. Bxc4+ Kh7 37. Bd4 Rxg3 38. Kh2 Rg5 39. Bd3+ Kg8 40. Bc2 Ra5 41. Bc3 Ra7 42. Bb4 Kf7 43. Kg3 Ra6 44. Kg4 Rb6 45. Bc3 Rc6 46. Kh5 Rc4 47. Bd3 Rc5+ 48. Kxh6 a3 49. Bb1 axb2 50. Bxb2 Rb5 51. Ba2+ Ke8 52. Bf6 Rf5 53. Kg6 Rf2 54. Bd5 Rd2 55. Bc6+ Kf8 56. g4 Rd6 57. Be4 Kg8 58. g5 Rd7 59. Bf5 Rd6 60. Be4 Rd7 61. Kf5 Kf7 62. g6+ Kg8 63. Ke5 Kf8 64. Bd5 Ra7 65. Kf5 Rf7 66. Kg5 Rd7 67. Be6 Rf7 68. Bd4 Rf1 69. g7+ 1-0

[Event "Gorges op 15th"]
[Site "Gorges"]
[Date "2005.07.??"]
[Round "3"]
[White "Batard, David"]
[Black "Delorme, Alban"]
[Result "1/2-1/2"]
[WhiteElo "2028"]
[BlackElo "2254"]
[PlyCount "40"]
[EventDate "2005.07.??"]
[EventType "swiss"]
[EventRounds "7"]
[EventCountry "FRA"]
[SourceTitle "EXT 2006"]
[Source "ChessBase"]
[SourceDate "2005.11.24"]
[SourceVersion "1"]
[SourceVersionDate "2005.11.24"]
[SourceQuality "1"]

1. d4 Nf6 2. c4 g6 3. Nc3 d5 4. cxd5 Nxd5 5. e4 Nxc3 6. bxc3 Bg7 7. Be3 0-0 8. Qd2 c5 9. Nf3 cxd4 10. cxd4 Nc6 11. Rc1 Bg4 12. d5 Bxf3 13. gxf3 Ne5 14. Be2 Rc8 15. 0-0 Qd7 16. f4 Ng4 17. Bxa7 f5 18. e5 Bh6 19. Qd4 Ra8 20. Bb6 Rxa2 1/2-1/2

[Event "FRA-chT3 0405"]
[Site "France"]
[Date "2004.11.07"]
[Round "3"]
[White "Batard, David"]
[Black "Hochart, Jean Luc"]
[Result "1/2-1/2"]
[WhiteElo "2025"]
[BlackElo "2026"]
[PlyCount "98"]
[EventDate "2004.10.10"]
[EventType "team"]
[EventRounds "9"]
[EventCountry "FRA"]
[SourceTitle "EXT 2007"]
[Source "ChessBase"]
[SourceDate "2006.11.23"]
[SourceVersion "1"]
[SourceVersionDate "2006.11.23"]
[SourceQuality "1"]

1. d4 Nf6 2. Bg5 e6 3. Nd2 d5 4. Ngf3 Be7 5. e3 Nbd7 6. Bd3 c5 7. c3 b6 8. e4 dxe4 9. Nxe4 0-0 10. 0-0 Bb7 11. Ng3 cxd4 12. Nxd4 Ne5 13. Be2 Nd5 14. Bxe7 Qxe7 15. Nf3 Nd7 16. Re1 N7f6 17. Qa4 Qc7 18. Rad1 Nf4 19. Rd4 Nxe2+ 20. Rxe2 Bxf3 21. gxf3 Rfd8 22. Red2 Rxd4 23. Qxd4 h6 24. c4 Rc8 25. b3 a6 26. a4 Qc6 27. Ne4 Nxe4 28. Qxe4 Qc5 29. Qe3 Qc6 30. Rd4 b5 31. axb5 axb5 32. Rg4 Kf8 33. Qe5 f6 34. Qc3 Rd8 35. Qb4+ Kf7 36. cxb5 Qxf3 37. Rxg7+ Kxg7 38. Qe7+ Kg6 39. Qxd8 Qxb3 40. b6 Qb1+ 41. Kg2 Qe4+ 42. Kf1 Qb1+ 43. Ke2 Qb2+ 44. Ke3 Qe5+ 45. Kd3 Qb5+ 46. Kd4 Qb4+ 47. Ke3 Qe1+ 48. Kf3 Qh1+ 49. Ke2 Qe4+ 1/2-1/2

[Event "Rohde op 04th"]
[Site "Sautron "]
[Date "2004.10.25"]
[Round "3"]
[White "Batard, David"]
[Black "Paci, Cedric"]
[Result "0-1"]
[WhiteElo "2025"]
[BlackElo "2254"]
[PlyCount "28"]
[EventDate "2004.10.23"]
[EventType "swiss"]
[EventRounds "9"]
[EventCountry "FRA"]
[SourceTitle "EXT 2006"]
[Source "ChessBase"]
[SourceDate "2005.11.24"]
[SourceVersion "1"]
[SourceVersionDate "2005.11.24"]
[SourceQuality "1"]

1. d4 e6 2. c4 b6 3. Nc3 Bb7 4. e4 Bb4 5. Bd3 f5 6. d5 fxe4 7. Bxe4 Qh4 8. Qe2 Nf6 9. Bd3 0-0 10. Nf3 Qg4 11. Bd2 exd5 12. cxd5 Re8 13. Be3 Nxd5 14. 0-0 Nf4 0-1

[Event "Gorges op 14th"]
[Site "Gorges"]
[Date "2004.07.06"]
[Round "4"]
[White "Broin, Christian"]
[Black "Batard, David"]
[Result "1/2-1/2"]
[WhiteElo "1660"]
[BlackElo "2028"]
[PlyCount "91"]
[EventDate "2004.07.08"]
[EventType "swiss"]
[EventRounds "7"]
[EventCountry "FRA"]
[SourceTitle "EXT 2005"]
[Source "ChessBase"]
[SourceDate "2004.11.15"]
[SourceVersion "1"]
[SourceVersionDate "2004.11.15"]
[SourceQuality "1"]

1. Nf3 c6 2. c4 Nf6 3. g3 e6 4. Bg2 d5 5. b3 Qa5 6. 0-0 Nbd7 7. Bb2 Be7 8. Qc2 0-0 9. d3 b5 10. Nbd2 Bb7 11. a3 c5 12. Bc3 Qb6 13. e3 Rfd8 14. Qb2 a5 15. Qc2 Nf8 16. Rac1 bxc4 17. bxc4 Qa6 18. Rb1 Bc6 19. Ne5 Be8 20. Ba1 Rab8 21. Ndf3 Ng6 22. Nxg6 hxg6 23. Rfc1 dxc4 24. dxc4 Bc6 25. Ne5 Bxg2 26. Kxg2 Rb7 27. a4 Rb4 28. Bc3 Rxb1 29. Rxb1 Qa8+ 30. f3 Bd6 31. Kf2 Nd7 32. Nxd7 Rxd7 33. Rb5 Ra7 34. Qd2 Rd7 35. Ke2 Qc6 36. Qb2 Bf8 37. Qc2 g5 38. h3 Qd6 39. Be1 e5 40. Qd2 Qe6 41. Qc3 Qxh3 42. Qxe5 Qg2+ 43. Bf2 Qh1 44. Be1 Qh2+ 45. Bf2 Qh1 46. Be1 1/2-1/2

[Event "Rohde op 03rd"]
[Site "Sautron"]
[Date "2003.??.??"]
[Round "3"]
[White "Peric, Slavisa"]
[Black "Batard, David"]
[Result "1-0"]
[WhiteElo "2268"]
[BlackElo "2036"]
[PlyCount "43"]
[EventDate "2003.10.25"]
[EventType "swiss"]
[EventRounds "9"]
[EventCountry "FRA"]
[SourceTitle "EXT 2005"]
[Source "ChessBase"]
[SourceDate "2004.11.15"]
[SourceVersion "1"]
[SourceVersionDate "2004.11.15"]
[SourceQuality "1"]

1. d4 d5 2. Nf3 Nf6 3. e3 e6 4. c4 c6 5. Nbd2 Nbd7 6. Bd3 Bd6 7. 0-0 0-0 8. e4 dxe4 9. Nxe4 Nxe4 10. Bxe4 h6 11. b3 e5 12. Bc2 Qc7 13. Bb2 f5 14. c5 Be7 15. Nxe5 Nxe5 16. dxe5 Bxc5 17. b4 Bxb4 18. Bb3+ Kh8 19. e6 Be7 20. Qh5 Qf4 21. Qg6 Bf6 22. e7 1-0

[Event "FRA-chT3 Gr5 0203"]
[Site "France"]
[Date "2002.10.13"]
[Round "1"]
[White "Batard, David"]
[Black "Sorin, Maxime"]
[Result "0-1"]
[WhiteElo "2063"]
[BlackElo "2318"]
[PlyCount "112"]
[EventDate "2002.12.09"]
[EventType "team"]
[EventRounds "9"]
[EventCountry "FRA"]
[SourceTitle "EXT 2004"]
[Source "ChessBase"]
[SourceDate "2003.11.25"]
[SourceVersion "1"]
[SourceVersionDate "2003.11.25"]
[SourceQuality "1"]

1. d4 Nf6 2. Nf3 g6 3. g3 Bg7 4. Bg2 0-0 5. b3 c5 6. Bb2 cxd4 7. 0-0 d5 8. Bxd4 Nc6 9. Bb2 Qc7 10. Nbd2 e5 11. e3 Rd8 12. Qe2 Bf5 13. a3 h6 14. Rac1 a5 15. Rfd1 Rab8 16. a4 Re8 17. c4 d4 18. e4 Bg4 19. h3 Bxf3 20. Nxf3 Qb6 21. Nd2 Qc5 22. Nf3 Nd7 23. Ne1 Qb6 24. Qc2 Nb4 25. Qb1 Na6 26. Ba3 Bf8 27. Bxf8 Kxf8 28. Rc2 Ndc5 29. Rb2 Nb4 30. Bf1 Qc6 31. f3 Kg7 32. Nd3 Ncxd3 33. Bxd3 Qf6 34. Kg2 Rbc8 35. Rf2 Qg5 36. Qb2 h5 37. f4 exf4 38. Qxd4+ Kg8 39. Rxf4 Rcd8 40. Qc3 Re7 41. h4 Qc5 42. Be2 Rxd1 43. Bxd1 Rd7 44. Be2 Rd4 45. e5 Rxf4 46. gxf4 Nd5 47. Qf3 Ne3+ 48. Kh3 Qc8+ 49. Kh2 Ng4+ 50. Kg2 Qd8 51. Qg3 Qd2 52. Kf1 Ne3+ 53. Kf2 Nf5 54. Qh2 Nd4 55. Kf1 Qc1+ 56. Kf2 Nxe2 0-1

[Event "FRA-chT3 01"]
[Site "France"]
[Date "2000.11.19"]
[Round "3"]
[White "Batard, David"]
[Black "Demanghon, Jonathan"]
[Result "1/2-1/2"]
[WhiteElo "2020"]
[BlackElo "2113"]
[PlyCount "75"]
[EventDate "2001.??.??"]
[EventType "team"]
[EventRounds "9"]
[EventCountry "FRA"]
[SourceTitle "EXT 2002"]
[Source "ChessBase"]
[SourceDate "2001.11.25"]
[SourceVersion "1"]
[SourceVersionDate "2001.11.25"]
[SourceQuality "1"]
[WhiteTeam "Suce sur Erdre"]
[BlackTeam "Rennes"]
[WhiteTeamCountry "FRA"]
[BlackTeamCountry "FRA"]

1. d4 d5 2. Nf3 Nf6 3. c4 c6 4. Nc3 dxc4 5. a4 Bf5 6. e3 e6 7. Bxc4 Bb4 8. Bd2 0-0 9. 0-0 Nbd7 10. Qb3 c5 11. Nb5 Bxd2 12. Nxd2 Qe7 13. Rac1 a6 14. Nc3 cxd4 15. exd4 Qd6 16. Rfd1 Qxd4 17. Nde4 Qe5 18. Nd6 Ng4 19. g3 Qc5 20. Nce4 Bxe4 21. Nxe4 Qh5 22. h4 Qf5 23. Rxd7 Qxe4 24. Bd3 Qe5 25. Rxb7 Rac8 26. Qd1 Rxc1 27. Qxc1 Qd4 28. Qc2 Nxf2 29. Bxh7+ Kh8 30. Qxf2 Qxf2+ 31. Kxf2 Kxh7 32. b4 Kg6 33. Rb6 Ra8 34. Kf3 Kf6 35. Ke4 Rc8 36. Rd6 Rc4+ 37. Rd4 Rc3 38. Rd3 1/2-1/2